Statistiques concernant Dragon Ball Z : Dokkan Battle - Personnages sortis en 2021

Cliquez ici pour prendre le quiz!

Statistiques générales

  • Ce quiz a été pris 46 fois
  • Le résultat moyen est 9 sur 20

Statistiques - réponses

Réponse% Correct
Vegeta/Son Goku
88%
Son Gohan ultime & Piccolo
86%
Krillin
79%
Super Janemba
77%
Vegeta Super Saiyan (GT)
69%
Videl
69%
Piccolo
67%
Super Vegeta
67%
Super C-17
65%
Cell (2e forme)
60%
Freezer (pleine puissance)
58%
Broly Super Saiyan Légendaire
56%
Gotenks Super Saiyan
56%
Son Goku Super Saiyan 2
56%
Trunks (jeune)
56%
Son Goku & Piccolo
55%
Caulifla & Kale
48%
Freezer (3e forme)
47%
Son Goku Super Saiyan
47%
Son Goku Super Saiyan (GT)
47%
Golden Freezer (ange) & C-17
44%
Son Goku (Ultra Instinct)
44%
Son Gohan (petit)
41%
Son Goku Super Saiyan
40%
Son Goten Super Saiyan (petit)
40%
Boo (petit)
38%
Super Garlic Jr.
38%
Vegeta Super Saiyan divin SS évolué
37%
Cabbe Super Saiyan
36%
Trunks (GT) & Son Goten (GT)
35%
Krillin & Son Gohan (petit)
33%
Trunks Super Saiyan (jeune)
33%
Son Gohan Super Saiyan (futur) & Trunks (enfant) (futur)/Son Gohan Super Saiyan (futur)
32%
Tapion & Minoshia
31%
Trunks Super Saiyan (petit) & Son Goten Super Saiyan (petit)
31%
Hit & Son Goku Super Saiyan divin
29%
Son Goku (ange) & Vegeta (ange)
27%
Golden Freezer (ange) & Son Gohan ultime
23%
Son Gohan (GT) & Son Goten (GT)
21%
C-17 (futur) & C-18 (futur)
20%
Dr. Gero & C-19
15%
C-17 (équipe Univers 7)
12%

Distribution des résultats

Percentile par nombre de réponses

% des personnes avec chaque résultat

Votre développement - résultats

Vous n’avez pas pris ce quiz